Conversa com Fernando Pessoa (Record no. 62043)

MARC details
000 -LÍDER
campo de controle de tamanho fixo 00365 a2200157 4500
001 - NÚMERO DE CONTROLE
campo de controle 62043
020 ## - ISBN - INTERNATIONAL STANDARD BOOK NUMBER
ISBN - International Standard Book Number 9788508106745
040 ## - FONTE DA CATALOGAÇÃO
Instituição que transcreveu o registro Anchieta - Pituba
100 ## - ENTRADA PRINCIPAL--NOME PESSOAL
Nome pessoal Moisés, Carlos Felipe
240 10 - TÍTULO UNIFORME
Título uniforme Conversa com Fernando Pessoa
Idioma da obra por
245 10 - TÍTULO
Título Conversa com Fernando Pessoa
300 ## - DESCRIÇÃO FÍSICA
Extensão 183
362 0# - DATAS DE PUBLICAÇÃO E/OU DESIGNAÇÃO SEQUENCIAL
Datas de publicação e/ou designação sequencial 2007
650 #4 - ASSUNTO--TERMO TÓPICO
Cabeçalho tópico ou nome geográfico Poesia portuguesa
942 ## - ELEMENTOS DE ENTRADA ADICIONADOS (KOHA)
Tipo de material Koha Livros
Holdings
Situação do descarte Situação das perdas Situação física Não pode ser emprestado Biblioteca de origem Biblioteca atual Data de aquisição Total de empréstimos Número de chamada completo Código de barras Data de último acesso Data do preço efetivo Tipo de material Koha
        Colégio Anchieta - Pituba Colégio Anchieta - Pituba 21/11/2023   869.1 M714c MOI CON 14449/PIT 21/11/2023 21/11/2023 Livros
        Colégio Anchieta - Pituba Colégio Anchieta - Pituba 21/11/2023   869.1 M714c MOI CON 14450/PIT 21/11/2023 21/11/2023 Livros
        ESTA - SÃO BENTO ESTA - SÃO BENTO 30/04/2024   869.1 MOI CON EST00009499 30/04/2024 30/04/2024 Livros